Are you being surveyed? Housing and mortgage data in government surveys (Record no. 73994)

MARC details
000 -LEADER
fixed length control field 01146cam a2200193 4500
001 - CONTROL NUMBER
control field ##ABS67338
008 - FIXED-LENGTH DATA ELEMENTS--GENERAL INFORMATION
fixed length control field 031222n2003 000 0 eng u
035 ## - SYSTEM CONTROL NUMBER
System control number (Sirsi) u124680
100 1# - MAIN ENTRY--PERSONAL NAME
Personal name Smith, J.
245 00 - TITLE STATEMENT
Title Are you being surveyed? Housing and mortgage data in government surveys
260 ## - PUBLICATION, DISTRIBUTION, ETC.
Date of publication, distribution, etc. 2003
490 #0 - SERIES STATEMENT
Series statement CML Housing Finance
Volume/sequential designation (60) Winter 2003, 54-67(14)
520 ## - SUMMARY, ETC.
Summary, etc. Draws attention to the diverse range of valuable housing and mortgage related information found in government surveys. Some of the surveys cover topics not available elsewhere and the large sample of these surveys means that the results are robust and representative although some suffer from limited timeliness. Looks at seven key surveys such as the "Survey of English housing" and the "English house condition survey", highlighting their strengths and weaknesses. Provides tables of illustrative data from each source. References.
590 ## - LOCAL NOTE (RLIN)
Local note ABS
650 24 - SUBJECT ADDED ENTRY--TOPICAL TERM
Topical term or geographic name entry element DCLG DECENT HOMES STANDARD
651 #4 - SUBJECT ADDED ENTRY--GEOGRAPHIC NAME
Geographic name England
Chronological subdivision 886-
690 ## - LOCAL SUBJECT ADDED ENTRY--TOPICAL TERM (OCLC, RLIN)
Topical term or geographic name as entry element PROPERTY-RESIDENTIAL PROPERTY-RESIDENTIAL PROPERTY FINANCE AND INVESTMENT-MORTGAGING RESIDENTIAL PROPERTY
942 ## - ADDED ENTRY ELEMENTS (KOHA)
Suppress in OPAC 0
Holdings
Withdrawn status Lost status Source of classification or shelving scheme Damaged status Not for loan Home library Current library Shelving location Date acquired Total Checkouts Full call number Barcode Date last seen Copy number Price effective from Koha item type
    Dewey Decimal Classification     London London Journal article 22/12/2003   ABS67338 124680-1001 06/08/2019 1 06/08/2019 Journal article